LEADER 00848nam a2200205 4500 001 000000353961 003 CaOOAMICUS 005 20230524110810.0 008 230524s2019 it 000 u ita r 040 $aSeMil$bita 245 00$a[2: Chiesa e società di massa (1932-1942)]. 264 1$aRoma :$bStudium,$c2019. 300 $aXI, 312 p. :$bill. ;$c25 cm 773 0 $aPersico, Alessandro Angelo <1980- >$tConsul Dei.$dRoma : Studium, 2019.$z978-88-382-4870-2$g2$w()353958 850 $aSeMil 852 $aSeMil$W1$xVenegono$y1$m3F V 759$j242631$B245172$CSeMilBibl$Z2$F245172 $81 961 $aArchivio storico del Seminario di Milano - Omaggio 996 $6245$a[2: Chiesa e società di massa (1932-1942)]$9(OLS)http://semarc/title/444105 996 $6264$aRoma :$bStudium$9(OLS)http://semarc/publisher/29617 LEADER 01347nam a2200313 i 4500 001 000000255403 003 CaOOAMICUS 005 20210322143124.0 008 170831s2017 it u000 u ita u 013 $a234311 020 $a978-88-399-0899-5 040 $aSeMil$bita 245 00$aDiacone :$bquale ministero per quale Chiesa? /$cSerena Noceti (ed.) 260 $aBrescia :$bQueriniana,$c2017. 300 $a307 p. ;$c20 cm. 490 0 $aGiornale di teologia ;$v399 650 4$aDiaconato - Donna.$0(OLS)http://semarc/subject/8666 650 4$aDiaconato femminile - Storia.$0(OLS)http://semarc/subject/19224 650 4$aDiaconato permanente.$0(OLS)http://semarc/subject/8044 650 4$aDiaconia - Aspetti ecclesiologici.$0(OLS)http://semarc/subject/16228 700 1 $aNoceti, Serena,$d<1966- >.$0(OLS)http://semarc/name/14545 830 0$aGiornale di teologia ;$v399.$0(OLS)http://semarc/title/419620 850 $aSeMil 852 $aSeMil$W1$xVenegono$y1$m2M III 799$j205749$B205749$CSeMilBibl$Z2$F219200 $81 961 $aSottoscrizione: Queriniana 996 $6020$a978-88-399-0899-5$9(OLS)http://semarc/number/279237 996 $6245$aDiacone :$bquale ministero per quale Chiesa?$9(OLS)http://semarc/title/411666 996 $6260$aBrescia :$bQueriniana$9(OLS)http://semarc/publisher/29615 LEADER 01248nam a2200313 i 4500 001 000000112152 003 CaOOAMICUS 005 20090811000000.0 008 090811s1983 it u000 u ita u 013 $a84836 040 $aSeMil$bita 100 1 $aCongar, Yves,$c.$0(OLS)http://semarc/name/3722 240 10$aDiversités et communion.$0(OLS)http://semarc/title/163457 245 10$aDiversità e comunione /$cYves Congar. 260 $aAssisi :$bCittadella,$c1983. 300 $a255 p. ;$c21 cm. 490 0 $aTeologia/Saggi 500 $aFondo Card. C.M. Martini. 650 4$aChiesa - Pluralismo.$0(OLS)http://semarc/subject/16087 650 4$aChiese Orientali.$0(OLS)http://semarc/subject/2275 650 4$aEcumenismo.$0(OLS)http://semarc/subject/3071 650 4$aChiesa - Storia - Sec. 20.-21.$0(OLS)http://semarc/subject/686 830 0$aTeologia/Saggi.$0(OLS)http://semarc/title/8743 850 $aSeMil 852 $aSeMil$W1$xVenegono$y1$m2B II 102$j67934$B67934$CSeMilBibl$Z2$F93761 $81 941 1 $a4 961 $aOmaggio: Martini Card. Carlo Maria 996 $6245$aDiversità e comunione$9(OLS)http://semarc/title/163456 996 $6260$aAssisi :$bCittadella$9(OLS)http://semarc/publisher/29661